[Event "Las Vegas National op"]
[Site "Las Vegas"]
[Date "2023.06.18"]
[Round "8"]
[White "Khachiyan, Melikset"]
[Black "Gutla, Aryan"]
[Result "1/2-1/2"]
[WhiteElo "2414"]
[BlackElo "2344"]
[PlyCount "66"]
[EventDate "2023.06.14"]
[EventType "swiss"]
[EventRounds "9"]
[EventCountry "USA"]
[SourceTitle "CBM 214 Extra"]
[Source "ChessBase"]
[SourceDate "2023.07.31"]
[SourceVersion "1"]
[SourceVersionDate "2023.07.31"]
[SourceQuality "1"]

1. e4 c5 2. Nf3 d6 3. Bb5+ Nd7 4. d4 cxd4 5. Qxd4 a6 6. Bxd7+ Bxd7 7. Nc3 e5 8. Qd3 Rc8 9. 0-0 Qc7 10. a4 h6 11. Rd1 Nf6 12. Nd2 Bg4 13. f3 Be6 14. Nf1 Be7 15. Ne3 0-0 16. Bd2 Rfd8 17. Be1 d5 18. exd5 Bc5 19. Bf2 Bxe3 20. Qxe3 Nxd5 21. Nxd5 Bxd5 22. Rac1 Bc6 23. b3 Rxd1+ 24. Rxd1 Rd8 25. Rd2 e4 26. f4 Qa5 27. b4 Qc7 28. a5 Rxd2 29. Qxd2 Bb5 30. Bc5 Qc8 31. h3 Qe6 32. Bd4 Bc6 33. Qe3 Qd5 1/2-1/2

[Event "Las Vegas National op"]
[Site "Las Vegas"]
[Date "2023.06.17"]
[Round "6"]
[White "Khachiyan, Melikset"]
[Black "Eidelman, Gabriel"]
[Result "1-0"]
[WhiteElo "2414"]
[BlackElo "2209"]
[PlyCount "99"]
[EventDate "2023.06.14"]
[EventType "swiss"]
[EventRounds "9"]
[EventCountry "USA"]
[SourceTitle "CBM 214 Extra"]
[Source "ChessBase"]
[SourceDate "2023.07.31"]
[SourceVersion "1"]
[SourceVersionDate "2023.07.31"]
[SourceQuality "1"]

1. e4 c5 2. Nf3 d6 3. d4 cxd4 4. Nxd4 Nf6 5. Nc3 Nc6 6. Be2 e5 7. Nb3 Be7 8. 0-0 0-0 9. Be3 Be6 10. Bf3 a5 11. a3 a4 12. Nc1 Ra5 13. Nd5 Bxd5 14. exd5 Nd4 15. Bxd4 exd4 16. Qxd4 Nd7 17. Nd3 Bf6 18. Qb4 Ne5 19. Nxe5 Bxe5 20. c3 Qc7 21. Rfe1 Rfa8 22. Rad1 g6 23. g3 Rc5 24. Rxe5 dxe5 25. d6 Qa5 26. Qxb7 Rf8 27. Bc6 h5 28. h4 Rc4 29. Qb5 Rc5 30. Qxa5 Rxa5 31. c4 Rd8 32. Bb5 f6 33. Rd5 Kf7 34. Be8+ Kxe8 35. Rxa5 Rxd6 36. Rxa4 Rd1+ 37. Kg2 Rd2 38. b4 e4 39. Kf1 Kd7 40. Ra6 Ke7 41. c5 Rb2 42. Rb6 Ra2 43. Rb7+ Ke6 44. c6 Rxa3 45. b5 e3 46. fxe3 Rxe3 47. c7 Kd7 48. b6 Rxg3 49. Rb8 Rc3 50. Rd8+ 1-0

[Event "American op 57th"]
[Site "Orange"]
[Date "2022.11.24"]
[Round "3"]
[White "Khachiyan, Melikset"]
[Black "Nathan, Nitish"]
[Result "1/2-1/2"]
[WhiteElo "2432"]
[BlackElo "1839"]
[PlyCount "61"]
[EventDate "2022.11.22"]
[EventType "swiss"]
[EventRounds "9"]
[EventCountry "USA"]
[SourceTitle "EXT 2024"]
[Source "ChessBase"]
[SourceDate "2023.10.10"]
[SourceVersion "1"]
[SourceVersionDate "2023.10.10"]
[SourceQuality "1"]

1. e4 c5 2. Nf3 Nc6 3. d4 cxd4 4. Nxd4 e5 5. Nf5 d5 6. Qxd5 Qxd5 7. exd5 Bxf5 8. dxc6 bxc6 9. Bd3 Bxd3 10. cxd3 Nf6 11. Be3 Bb4+ 12. Ke2 Kd7 13. Rc1 Nd5 14. Rc4 a5 15. a3 Be7 16. Nd2 f5 17. Rac1 Rhc8 18. Ra4 Bd8 19. Nc4 Bc7 20. Bd2 Nf4+ 21. Bxf4 exf4 22. Nd2 Re8+ 23. Kf1 Be5 24. d4 Bd6 25. Rac4 Rec8 26. R1c2 Rab8 27. R4c3 Rb5 28. Rb3 Rcb8 29. Rxb5 Rxb5 30. Ke2 g5 31. Kd3 1/2-1/2

[Event "Titled Tuesday intern op 08th Feb Early"]
[Site "Chess.com INT"]
[Date "2022.02.08"]
[Round "6"]
[White "Khachiyan, Melikset"]
[Black "Rustemov, Alexander"]
[Result "0-1"]
[WhiteElo "2446"]
[BlackElo "2525"]
[PlyCount "104"]
[EventDate "2022.02.08"]
[EventType "swiss (blitz)"]
[EventRounds "11"]
[EventCountry "USA"]
[SourceTitle "CBM 206 Extra"]
[Source "ChessBase"]
[SourceDate "2022.03.31"]
[SourceVersion "1"]
[SourceVersionDate "2022.03.31"]
[SourceQuality "1"]

1. e4 e6 2. d4 d5 3. Nc3 dxe4 4. Nxe4 Bd7 5. Nf3 Bc6 6. Ned2 Nd7 7. Bd3 Ngf6 8. 0-0 Be7 9. b3 0-0 10. Bb2 b6 11. c4 Bb7 12. Qe2 c5 13. Rad1 Re8 14. Rfe1 Qc7 15. h3 Rad8 16. a3 h6 17. Bc2 a5 18. dxc5 Bxc5 19. Nd4 Qd6 20. N2f3 Qf4 21. Nb5 Bxf3 22. Qxf3 Qxf3 23. gxf3 Nh5 24. Be4 Ndf6 25. Bc6 Rf8 26. Be5 g5 27. Bc7 Rxd1 28. Rxd1 Nf4 29. b4 axb4 30. axb4 Bxb4 31. Bxb6 Rc8 32. Na7 Rb8 33. Bc7 Rf8 34. h4 Bc5 35. hxg5 hxg5 36. Nb5 Rc8 37. Rd8+ Rxd8 38. Bxd8 Kg7 39. Kf1 Nd3 40. Bc7 Nxf2 41. Bd6 Bxd6 42. Nxd6 Nd3 43. Ne4 Nxe4 44. Bxe4 Nc5 45. Ba8 Kf6 46. Ke2 Ke5 47. Ke3 f5 48. Bc6 f4+ 49. Kf2 Kd4 50. Kg2 Nd3 51. Kh3 Ne5 52. Ba8 Kxc4 0-1

[Event "Titled Tuesday intern op 08th Feb Early"]
[Site "Chess.com INT"]
[Date "2022.02.08"]
[Round "4"]
[White "Khachiyan, Melikset"]
[Black "Zhigalko, Sergei"]
[Result "0-1"]
[WhiteElo "2446"]
[BlackElo "2572"]
[PlyCount "60"]
[EventDate "2022.02.08"]
[EventType "swiss (blitz)"]
[EventRounds "11"]
[EventCountry "USA"]
[SourceTitle "CBM 206 Extra"]
[Source "ChessBase"]
[SourceDate "2022.03.31"]
[SourceVersion "1"]
[SourceVersionDate "2022.03.31"]
[SourceQuality "1"]

1. d4 Nf6 2. Nc3 d5 3. Bg5 c5 4. Bxf6 gxf6 5. e3 Nc6 6. Qh5 e6 7. 0-0-0 Bd7 8. f4 cxd4 9. exd4 Bb4 10. Nge2 Ne7 11. g4 Qa5 12. f5 0-0-0 13. Qxf7 Rdf8 14. Qh5 exf5 15. gxf5 Rhg8 16. Qf3 Bxf5 17. Bh3 Rg5 18. Rhg1 h6 19. Bxf5+ Rxf5 20. Qh3 Kb8 21. Rg7 Rg5 22. Qxh6 Nf5 23. Rxb7+ Kxb7 24. Qh7+ Kb8 25. Qd7 Rd8 26. Qe6 Qb6 27. Qf7 Bxc3 28. Nxc3 Nxd4 29. Nxd5 Ne2+ 30. Kb1 Rgxd5 0-1

[Event "Titled Tuesday intern op 01st Feb-A"]
[Site "Chess.com INT"]
[Date "2022.02.01"]
[Round "2"]
[White "Zhigalko, Sergei"]
[Black "Khachiyan, Melikset"]
[Result "0-1"]
[WhiteElo "2572"]
[BlackElo "2446"]
[PlyCount "60"]
[EventDate "2022.02.01"]
[EventType "swiss (blitz)"]
[EventRounds "11"]
[EventCountry "USA"]
[SourceTitle "CBM 206 Extra"]
[Source "ChessBase"]
[SourceDate "2022.03.31"]
[SourceVersion "1"]
[SourceVersionDate "2022.03.31"]
[SourceQuality "1"]

1. e4 e5 2. Nf3 Nc6 3. Bc4 Bc5 4. b4 Bxb4 5. c3 Be7 6. d4 Na5 7. Bd3 d6 8. dxe5 dxe5 9. Nxe5 Nf6 10. 0-0 0-0 11. Qc2 b6 12. Nd2 Bb7 13. Ndf3 Qc8 14. h3 Qe6 15. Bf4 h6 16. Nd4 Qc8 17. Rfe1 Re8 18. Nf5 Bf8 19. Rad1 c5 20. Bb5 Bxe4 21. Rxe4 Qxf5 22. Bxe8 Rxe8 23. Rde1 Nxe4 24. Rxe4 f6 25. g4 Qe6 26. Qe2 Nc6 27. Nxc6 Qxe4 28. Qxe4 Rxe4 29. Bb8 a6 30. Ba7 b5 0-1

[Event "USA-ch Seniors"]
[Site "Saint Louis"]
[Date "2021.07.19"]
[Round "4"]
[White "Khachiyan, Melikset"]
[Black "Shabalov, Alexander"]
[Result "0-1"]
[WhiteElo "2474"]
[BlackElo "2521"]
[PlyCount "102"]
[EventDate "2021.07.16"]
[EventType "tourn"]
[EventRounds "9"]
[EventCountry "USA"]
[EventCategory "10"]
[SourceTitle "CBM 203 Extra"]
[Source "ChessBase"]
[SourceDate "2021.09.30"]
[SourceVersion "1"]
[SourceVersionDate "2021.09.30"]
[SourceQuality "1"]

1. e4 e6 2. d4 d5 3. Nc3 Nf6 4. e5 Nfd7 5. f4 c5 6. Nf3 a6 7. Be3 Qb6 8. Na4 Qa5+ 9. c3 cxd4 10. b4 Qc7 11. Qxd4 Be7 12. Be2 b5 13. Nb2 f6 14. 0-0 0-0 15. a4 bxa4 16. Nxa4 Nc6 17. Qd2 fxe5 18. fxe5 Bb7 19. Nd4 Rxf1+ 20. Rxf1 Ncxe5 21. Bg5 Bxg5 22. Qxg5 Re8 23. Qg3 Qd8 24. Nc5 Nxc5 25. bxc5 Nc6 26. Bh5 Nxd4 27. cxd4 Re7 28. Qf4 g6 29. Bg4 Bc8 30. Qb8 h5 31. Bh3 Kh7 32. Rf6 Qc7 33. Qb1 Rg7 34. Qe1 a5 35. g4 e5 36. Qxe5 Qxe5 37. dxe5 Re7 38. Rc6 hxg4 39. Bg2 Bf5 40. Rd6 Rxe5 41. Bxd5 Re1+ 42. Kf2 Rc1 43. c6 Kh6 44. Ke3 Kg5 45. Rd8 Rd1 46. c7 Rc1 47. Ra8 Rc5 48. Kd4 Rxc7 49. Rxa5 Rc2 50. Ra2 Rxa2 51. Bxa2 Kh4 0-1

[Event "USA-ch Seniors"]
[Site "Saint Louis"]
[Date "2021.07.17"]
[Round "2"]
[White "Sokolin, Leonid M"]
[Black "Khachiyan, Melikset"]
[Result "1-0"]
[WhiteElo "2497"]
[BlackElo "2474"]
[PlyCount "91"]
[EventDate "2021.07.16"]
[EventType "tourn"]
[EventRounds "9"]
[EventCountry "USA"]
[EventCategory "10"]
[SourceTitle "CBM 203 Extra"]
[Source "ChessBase"]
[SourceDate "2021.09.30"]
[SourceVersion "1"]
[SourceVersionDate "2021.09.30"]
[SourceQuality "1"]

1. e4 c5 2. Nf3 e6 3. Nc3 d6 4. d4 cxd4 5. Qxd4 Nc6 6. Bb5 Bd7 7. Bxc6 Bxc6 8. Bg5 Nf6 9. 0-0-0 Be7 10. Qd3 Qa5 11. Kb1 0-0 12. h4 Rfc8 13. Nd4 Be8 14. f4 h6 15. Bxf6 Bxf6 16. g4 Qa6 17. Qxa6 bxa6 18. g5 Bxd4 19. Rxd4 Rab8 20. Kc1 Rb6 21. Rhd1 hxg5 22. hxg5 e5 23. fxe5 dxe5 24. Rd8 Rbc6 25. Rxc8 Rxc8 26. Rd6 Bc6 27. Kd2 Kf8 28. Nd5 Ke8 29. b3 a5 30. c4 Bb7 31. Kd3 Rc6 32. Rxc6 Bxc6 33. Ne3 Kd7 34. Nf5 g6 35. Nh6 Ke6 36. Ng4 Kd6 37. Nf6 Bb7 38. Kc3 Bc8 39. a3 Bh3 40. b4 axb4+ 41. axb4 Bf1 42. Kb3 a5 43. bxa5 Kc5 44. Kc3 Bxc4 45. Nd7+ Kb5 46. a6 1-0

[Event "Las Vegas National op"]
[Site "Las Vegas"]
[Date "2021.06.20"]
[Round "8"]
[White "Khachiyan, Melikset"]
[Black "Chasin, Nico Werner"]
[Result "1-0"]
[WhiteElo "2481"]
[BlackElo "2276"]
[PlyCount "93"]
[EventDate "2021.06.16"]
[EventType "swiss"]
[EventRounds "9"]
[EventCountry "USA"]
[SourceTitle "CBM 203 Extra"]
[Source "ChessBase"]
[SourceDate "2021.09.30"]
[SourceVersion "1"]
[SourceVersionDate "2021.09.30"]
[SourceQuality "1"]

1. e4 c5 2. Nf3 e6 3. Nc3 Nc6 4. Bb5 Qc7 5. 0-0 Nge7 6. d4 cxd4 7. Nxd4 a6 8. Nxc6 Nxc6 9. Bd3 Bc5 10. Kh1 b5 11. f4 d6 12. e5 d5 13. f5 b4 14. Na4 Bd4 15. Bf4 Bd7 16. a3 bxa3 17. Rxa3 Bxe5 18. Bxe5 Nxe5 19. Rc3 Qd6 20. Nc5 h5 21. fxe6 fxe6 22. Qe1 h4 23. Qxe5 Qxe5 24. Bg6+ Kd8 25. Nb7+ Ke7 26. Rf7+ Ke8 27. Rcf3 Qe1+ 28. Rf1 Rh6 29. Nd6+ Kd8 30. Rxe1 Kc7 31. Rxe6 Kc6 32. Ree7 Rxg6 33. Rxd7 Rxd6 34. Rc7+ Kb6 35. Rxg7 Re8 36. h3 d4 37. Rc4 Re4 38. Kh2 a5 39. Rg5 Rc6 40. Rxc6+ Kxc6 41. Rxa5 Re2 42. Ra8 Kd5 43. Rd8+ Kc4 44. Rc8+ Kd5 45. b3 Re1 46. c3 dxc3 47. Rxc3 1-0

[Event "Las Vegas National op"]
[Site "Las Vegas"]
[Date "2021.06.19"]
[Round "6"]
[White "Posthuma, Joshua G"]
[Black "Khachiyan, Melikset"]
[Result "1/2-1/2"]
[WhiteElo "2256"]
[BlackElo "2481"]
[PlyCount "84"]
[EventDate "2021.06.16"]
[EventType "swiss"]
[EventRounds "9"]
[EventCountry "USA"]
[SourceTitle "CBM 203 Extra"]
[Source "ChessBase"]
[SourceDate "2021.09.30"]
[SourceVersion "1"]
[SourceVersionDate "2021.09.30"]
[SourceQuality "1"]

1. d4 d5 2. c4 c6 3. Nf3 Nf6 4. e3 g6 5. Nc3 Bg7 6. Be2 0-0 7. 0-0 dxc4 8. Bxc4 Bg4 9. h3 Bxf3 10. Qxf3 Nbd7 11. Rd1 e5 12. d5 e4 13. Nxe4 Nxe4 14. Qxe4 Nb6 15. Rb1 Re8 16. Qd3 Qh4 17. Bb3 Nxd5 18. Bxd5 cxd5 19. b3 Re5 20. Bb2 Rg5 21. Kf1 Rf5 22. Rd2 Re8 23. Bxg7 Kxg7 24. Qd4+ Qxd4 25. exd4 Rc8 26. Re1 Kf6 27. g4 Rf4 28. Re5 Rc1+ 29. Kg2 Rxd4 30. Rxd5 Rxd5 31. Rxd5 Ke6 32. Rd2 b5 33. Rd8 Rc6 34. Rb8 a6 35. Rb7 g5 36. a4 bxa4 37. bxa4 h6 38. a5 f6 39. h4 Ke5 40. Rh7 Rc4 41. Rxh6 Rxg4+ 42. Kh3 Rxh4+ 1/2-1/2

[Event "Las Vegas National op"]
[Site "Las Vegas"]
[Date "2021.06.18"]
[Round "4"]
[White "Paciorkowski, Lev"]
[Black "Khachiyan, Melikset"]
[Result "0-1"]
[WhiteElo "2220"]
[BlackElo "2481"]
[PlyCount "97"]
[EventDate "2021.06.16"]
[EventType "swiss"]
[EventRounds "9"]
[EventCountry "USA"]
[SourceTitle "CBM 203 Extra"]
[Source "ChessBase"]
[SourceDate "2021.09.30"]
[SourceVersion "1"]
[SourceVersionDate "2021.09.30"]
[SourceQuality "1"]

1. Nf3 Nf6 2. c4 g6 3. Nc3 Bg7 4. e4 d6 5. d4 0-0 6. Be2 Bg4 7. Be3 a6 8. 0-0 Nfd7 9. Qb3 Qc8 10. e5 dxe5 11. d5 c5 12. Rad1 h6 13. h3 Bxf3 14. Bxf3 Ra7 15. Qa3 f5 16. d6 e6 17. Na4 b6 18. b4 e4 19. Be2 f4 20. Nxb6 Nxb6 21. Bxc5 f3 22. gxf3 exf3 23. Bxf3 Nxc4 24. Qb3 Raf7 25. d7 Nxd7 26. Bxf8 Nxf8 27. Rc1 Rc7 28. Rfd1 Ne5 29. Rxc7 Nxf3+ 30. Qxf3 Qxc7 31. Qe4 Kf7 32. Rd3 Nd7 33. Rf3+ Bf6 34. Re3 Qb6 35. Rf3 Qb5 36. Qf4 Qd5 37. Re3 g5 38. Qe4 Qxa2 39. Qb7 Qd5 40. Qxa6 Bd4 41. Rg3 Qe4 42. Qf1 Ne5 43. Qd1 Qf4 44. Rg2 Nf3+ 45. Kh1 h5 46. Rg3 g4 47. hxg4 hxg4 48. Qc2 Qh6+ 49. Kg2 0-1

[Event "PNWCC Online blitz JP 9th"]
[Site "Chess.com INT"]
[Date "2020.05.09"]
[Round "1"]
[White "Modi, Ethan"]
[Black "Khachiyan, Melikset"]
[Result "0-1"]
[WhiteElo "1786"]
[BlackElo "2481"]
[PlyCount "70"]
[EventDate "2020.05.09"]
[EventType "swiss (blitz)"]
[EventRounds "11"]
[EventCountry "USA"]
[SourceTitle "CBM 196 Extra"]
[Source "ChessBase"]
[SourceDate "2020.07.31"]
[SourceVersion "1"]
[SourceVersionDate "2020.07.31"]
[SourceQuality "1"]

1. d4 Nf6 2. Nf3 g6 3. e3 Bg7 4. Bd3 0-0 5. 0-0 d5 6. b3 c5 7. Bb2 cxd4 8. exd4 Ne4 9. Nbd2 f5 10. c4 e6 11. Ne5 Nc6 12. Nxc6 bxc6 13. Bxe4 fxe4 14. Qe2 a5 15. f3 dxc4 16. Qxc4 Ba6 17. Qxe6+ Kh8 18. Rfe1 Bxd4+ 19. Bxd4+ Qxd4+ 20. Kh1 Qxd2 21. Qe5+ Kg8 22. Qe6+ Rf7 23. Rxe4 Qd5 24. Qg4 Qf5 25. Qh4 Raf8 26. Rae1 Bb7 27. Re5 Qf6 28. Qc4 Qd8 29. Re7 Qd5 30. Qe2 c5 31. Re5 Qd4 32. h3 Rxf3 33. Qc4+ Qxc4 34. bxc4 Rf2 35. Rxc5 Rxg2 0-1

[Event "PNWCC Online blitz JP 8th"]
[Site "Chess.com INT"]
[Date "2020.05.02"]
[Round "2"]
[White "Khachiyan, Melikset"]
[Black "Martinez Alcantara, Jose Eduardo"]
[Result "0-1"]
[WhiteElo "2481"]
[BlackElo "2620"]
[PlyCount "80"]
[EventDate "2020.05.02"]
[EventType "swiss (blitz)"]
[EventRounds "11"]
[EventCountry "USA"]
[SourceTitle "CBM 195 Extra"]
[Source "ChessBase"]
[SourceDate "2020.05.31"]
[SourceVersion "1"]
[SourceVersionDate "2020.05.31"]
[SourceQuality "1"]

1. e4 c5 2. Nf3 d6 3. Bb5+ Nd7 4. d4 cxd4 5. Qxd4 a6 6. Bxd7+ Bxd7 7. Nc3 Rc8 8. Be3 e5 9. Qd3 Nf6 10. a4 h6 11. 0-0 Be6 12. Rfd1 Qc7 13. Rac1 Qc4 14. Nd2 Qc6 15. Nf1 Be7 16. f3 0-0 17. Bf2 Nh5 18. g3 f5 19. Ne3 fxe4 20. fxe4 Rf7 21. Ned5 Bg5 22. Be3 Bxe3+ 23. Qxe3 Rcf8 24. Rf1 Nf6 25. Nxf6+ Rxf6 26. Rxf6 Rxf6 27. Rf1 Rxf1+ 28. Kxf1 Bg4 29. b3 b5 30. axb5 axb5 31. Qd2 Kh8 32. Nd5 Qc5 33. Kg2 Be6 34. Qf2 Bxd5 35. exd5 Qxd5+ 36. Kh3 e4 37. Qf8+ Kh7 38. g4 e3 39. Kg3 Qe5+ 40. Kg2 e2 0-1

[Event "Titled Tuesday intern op 7th April"]
[Site "Chess.com INT"]
[Date "2020.04.07"]
[Round "4"]
[White "Khachiyan, Melikset"]
[Black "Le, Tuan Minh"]
[Result "0-1"]
[WhiteElo "2481"]
[BlackElo "2501"]
[PlyCount "92"]
[EventDate "2020.04.07"]
[EventType "swiss (blitz)"]
[EventRounds "10"]
[EventCountry "USA"]
[SourceTitle "EXT 2021"]
[Source "ChessBase"]
[SourceDate "2020.10.23"]
[SourceVersion "1"]
[SourceVersionDate "2020.10.23"]
[SourceQuality "1"]

1. e4 c5 2. Nf3 Nf6 3. e5 Nd5 4. Nc3 e6 5. Nxd5 exd5 6. d4 Nc6 7. Be2 cxd4 8. 0-0 d6 9. Bf4 Be7 10. exd6 Bxd6 11. Bxd6 Qxd6 12. Nxd4 0-0 13. c3 Re8 14. Bb5 Bd7 15. Bxc6 bxc6 16. b4 c5 17. bxc5 Qxc5 18. Qd2 Rac8 19. Rac1 h6 20. Rfe1 Qc4 21. Rxe8+ Rxe8 22. f3 a5 23. Kf2 a4 24. Re1 Rc8 25. Re7 Bb5 26. Qf4 Rf8 27. Kg3 Ba6 28. Rc7 Qf1 29. Qe5 Bc8 30. h4 Qd3 31. Qxd5 Be6 32. Qe5 Qg6+ 33. Kh2 Bxa2 34. Nf5 Kh8 35. c4 Bb1 36. Nd4 a3 37. Rc6 Qd3 38. Rxh6+ Kg8 39. Rd6 a2 40. Nc6 Qh7 41. Ne7+ Kh8 42. Ra6 Qxh4+ 43. Kg1 Rd8 44. g3 Rd1+ 45. Kf2 Qh2+ 46. Ke3 Qd2# 0-1

[Event "Saint Louis Winter-B"]
[Site "Saint Louis"]
[Date "2019.11.16"]
[Round "7"]
[White "Yoo, Christopher Woojin"]
[Black "Khachiyan, Melikset"]
[Result "1/2-1/2"]
[WhiteElo "2449"]
[BlackElo "2493"]
[PlyCount "55"]
[EventDate "2019.11.10"]
[EventType "tourn"]
[EventRounds "9"]
[EventCountry "USA"]
[EventCategory "12"]
[SourceTitle "EXT 2021"]
[Source "ChessBase"]
[SourceDate "2020.10.23"]
[SourceVersion "1"]
[SourceVersionDate "2020.10.23"]
[SourceQuality "1"]

1. e4 e5 2. Nf3 Nc6 3. Bc4 Bc5 4. c3 Nf6 5. d4 exd4 6. e5 d5 7. Bb5 Ne4 8. cxd4 Bb6 9. Nc3 0-0 10. Be3 f5 11. exf6 Nxc3 12. bxc3 Qxf6 13. 0-0 h6 14. Be2 Ne7 15. Ne5 c6 16. Bd3 Bf5 17. f4 Bxd3 18. Qxd3 Qf5 19. g4 Qxd3 20. Nxd3 Rae8 21. Rf3 Nc8 22. f5 Nd6 23. Ne5 Ne4 24. Rc1 Ng5 25. Rg3 Ne4 26. Rf3 Ng5 27. Rg3 Ne4 28. Rf3 1/2-1/2

[Event "Saint Louis Winter-B"]
[Site "Saint Louis"]
[Date "2019.11.15"]
[Round "6"]
[White "Khachiyan, Melikset"]
[Black "Sorokin, Aleksey"]
[Result "1/2-1/2"]
[WhiteElo "2493"]
[BlackElo "2513"]
[PlyCount "80"]
[EventDate "2019.11.10"]
[EventType "tourn"]
[EventRounds "9"]
[EventCountry "USA"]
[EventCategory "12"]
[SourceTitle "EXT 2021"]
[Source "ChessBase"]
[SourceDate "2020.10.23"]
[SourceVersion "1"]
[SourceVersionDate "2020.10.23"]
[SourceQuality "1"]

1. e4 c6 2. d4 d5 3. Nc3 dxe4 4. Nxe4 Nf6 5. Nxf6+ exf6 6. c3 Bd6 7. Bd3 0-0 8. Qc2 Re8+ 9. Ne2 h5 10. Be3 Nd7 11. 0-0-0 Nf8 12. Kb1 Be6 13. Nf4 Bxf4 14. Bxf4 Ng6 15. Bc1 b5 16. f4 Ne7 17. f5 Bc4 18. Be4 Nd5 19. Bd2 b4 20. cxb4 Qb6 21. Bd3 Bxd3 22. Qxd3 Nxb4 23. Qb3 Nd5 24. Qxb6 axb6 25. Rhe1 Kf8 26. Rc1 Rxe1 27. Bxe1 Rc8 28. Bd2 Ke8 29. Rf1 Kd7 30. Kc2 c5 31. dxc5 Rxc5+ 32. Kd3 Ne7 33. Rf4 Nxf5 34. Ra4 Rd5+ 35. Ke2 Kc6 36. Ra8 Nh4 37. Ra7 Rd7 38. Rxd7 Kxd7 39. g3 Nf5 40. Kd3 Kc6 1/2-1/2

[Event "Saint Louis Winter-B"]
[Site "Saint Louis"]
[Date "2019.11.14"]
[Round "5"]
[White "Cordova, Emilio"]
[Black "Khachiyan, Melikset"]
[Result "1-0"]
[WhiteElo "2570"]
[BlackElo "2493"]
[PlyCount "71"]
[EventDate "2019.11.10"]
[EventType "tourn"]
[EventRounds "9"]
[EventCountry "USA"]
[EventCategory "12"]
[SourceTitle "EXT 2021"]
[Source "ChessBase"]
[SourceDate "2020.10.23"]
[SourceVersion "1"]
[SourceVersionDate "2020.10.23"]
[SourceQuality "1"]

1. Nf3 d5 2. d4 Nf6 3. c4 e6 4. g3 c5 5. cxd5 exd5 6. Bg2 Nc6 7. 0-0 Be7 8. Nc3 0-0 9. dxc5 d4 10. Na4 Bf5 11. Bf4 Be4 12. Rc1 Qd5 13. a3 Rfd8 14. b4 Rac8 15. Re1 h6 16. b5 Na5 17. b6 a6 18. Bc7 Rd7 19. Bh3 Bf5 20. Bxf5 Qxf5 21. Qd3 Qh3 22. Ne5 Ng4 23. Nxg4 Qxg4 24. Nb2 Rd5 25. c6 Nxc6 26. Rxc6 bxc6 27. b7 Rb5 28. Qe4 Qxe4 29. bxc8Q+ Kh7 30. Nd3 Bxa3 31. Qxa6 Be7 32. Bf4 h5 33. Qc8 h4 34. f3 Qd5 35. Ra1 Bf6 36. Rc1 1-0

[Event "Saint Louis Winter-B"]
[Site "Saint Louis"]
[Date "2019.11.12"]
[Round "3"]
[White "Moradiabadi, Elshan"]
[Black "Khachiyan, Melikset"]
[Result "1/2-1/2"]
[WhiteElo "2552"]
[BlackElo "2493"]
[PlyCount "75"]
[EventDate "2019.11.10"]
[EventType "tourn"]
[EventRounds "9"]
[EventCountry "USA"]
[EventCategory "12"]
[SourceTitle "EXT 2021"]
[Source "ChessBase"]
[SourceDate "2020.10.23"]
[SourceVersion "1"]
[SourceVersionDate "2020.10.23"]
[SourceQuality "1"]

1. e4 e5 2. Nf3 Nc6 3. Bb5 a6 4. Ba4 Nge7 5. c3 d6 6. d4 Bd7 7. d5 Nb8 8. c4 Ng6 9. Nc3 Be7 10. Be3 h6 11. Bxd7+ Nxd7 12. g3 0-0 13. h4 f5 14. exf5 Rxf5 15. h5 Ngf8 16. Ne4 Rf7 17. Nfd2 Nh7 18. Qg4 Bg5 19. f4 exf4 20. gxf4 Ne5 21. fxe5 Bxe3 22. e6 Rf4 23. Qg3 Bxd2+ 24. Nxd2 Qg5 25. Qxg5 Nxg5 26. Ke2 c6 27. Raf1 Rg4 28. Rfg1 Rf4 29. Rf1 Rg4 30. Rhg1 Rh4 31. Nf3 Nxf3 32. Rxf3 Rxh5 33. Rf7 Re5+ 34. Kd3 g5 35. Rgf1 Re8 36. Kd4 g4 37. R1f6 Rg5 38. e7 1/2-1/2